000 00782nam a2200205Ia 4500
008 130821s1995 sp gr spa
020 _a8474915325
040 _aCo-BoUCM
_bspa
041 _aspa
100 _aPereira Castañares, Juan Carlos
_9156175
245 _aDocumentos básicos sobre historia de las relaciones internacionales 1815-1991
_cJuan Carlos Pereira Casteñeres, Pedro Antonio Martínez Lillo.
260 _aMadrid (España)
_bEditorial Complutense
_c1995
300 _a731 páginas
504 _aIncluye índice
650 0 4 _aRelaciones internacionales
_98042
650 0 4 _aRelaciones internacionales
_xHistoria
_98042
700 _aMartínez-Lillo, Pedro Antonio
_9156176
942 _cLIBRO
_a6
_e1
_mP37
_2DEWEY
_h327.9
999 _c17191
_d17191